000 01246nam a22003497a 4500
003 CHAP
005 20220329135229.0
008 971013s1968 r 00010 d
010 _a33005
011 _a33977
035 _a38093
040 _cCHAP
082 _a338.109469
_bL68
100 0 0 _aLourenco, Joaquim da Silva.
_968627
245 _aTempos de trabalho agrícola numa regiao do noroeste
260 _aLisboa :
_bCentro de Estudos de Economía Agraria,
_c1968
300 _a252 p.
_b: ilus.
590 _aBATCH-UPD
_b10
_c20130110
_lUCH01
_h0047
590 _aBATCH-UPD
_b10
_c20130110
_lUCH01
_h2114
590 _aBATCH-UPD
_b10
_c20130409
_lUCH01
_h2033
590 _aBATCH-UPD
_b10
_c20130410
_lUCH01
_h1424
590 _aBATCH-UPD
_b10
_c20130914
_lUCH01
_h0909
590 _aCONVERSION
_b10
_c20130109
_lUCH01
_h1319
650 1 4 _aAgricultura
_xAspectos economicos
_xPortugal.
_91285
650 1 4 _aAgricultura
_xTrabajadores
_xPortugal.
_91872
650 1 4 _aPolítica agrícola
_xPortugal.
_990351
700 0 _aAlves do Nascimiento, Vitor Manuel.
_95030
710 0 _aCentro de Estuos de Economía Agraria. Lisboa.
_921098
901 _aBK
942 _cLIBRO
949 _a338.109469 L68
_bBC
_cLIBRO
_d33724000359535
_eLIBRO
_h12483
_i38093
_si
999 _c33005
_d33005